Générique La Famille Delajungle - Paroles - Statistiques

Statistiques générales
  • Ce quiz a été pris 46 fois
  • Le résultat moyen est 17 sur 21
Statistiques - réponses
Paroles % Correct
Je fais partie d'une {famille} ordinaire
100%
Salut, c'est moi Eliza {Delajungle}
100%
Voici mon père, ma mère et ma {soeur}
100%
Que nous avons {adopté}
94%
Bon, c'est vrai, on est pas une {famille}
92%
Comme les {autres}
92%
Dans le {monde} entier
92%
Depuis, j'ai le pouvoir de parler aux {animaux}
92%
Et vous savez {quoi} ?
92%
Ma {vie} n'est plus du tout la même
92%
Et Darwin, qui nous a {adopté}
86%
Il s'est passé quelque chose d'{extraordinaire}
86%
Parce que nous {voyageons}
86%
Voici Denis, l'enfant {sauvage}
83%
En fait, mon père a une {passion}
75%
C'est formidable, mais c'est top {secret}
67%
Dans toutes ses {aventures}
64%
C'est la {nature}
61%
Et là, ce que vous voyez, c'est notre {van}
61%
Un jour, en {Afrique}
53%
Et ma mère le {filme}
39%
Aucun quiz correspondant
Distribution des résultats
% des personnes avec chaque résultat
Percentile par nombre de réponses
Votre historique - résultats
Vous n’avez pas pris ce quiz